Aplikácia modelov operačnej analýzy vo vybranom podniku diplomová práca

Guardado en:
Detalles Bibliográficos
Autor principal: Mihaliková, Nikola
Autor Corporativo: Podnikovohospodárska fakulta EU so sídlom v Košiciach. Katedra kvantitatívnych metód
Otros Autores: Hudák, Matej, 1984-
Formato: Libro
Lenguaje:eslovaco
Publicado: Košice 2025
Etiquetas: Agregar Etiqueta
Sin Etiquetas, Sea el primero en etiquetar este registro!

MARC

LEADER 00000nbm a2200000 4500
001 0309067
005 20260211084702.4
041 0 |a slo 
044 |a SK 
245 1 0 |a Aplikácia modelov operačnej analýzy vo vybranom podniku  |b diplomová práca  |c Nikola Mihaliková ; školiteľ: Matej Hudák 
264 1 |a Košice  |c 2025 
300 |a 70 s. 
100 1 |a Mihaliková, Nikola 
700 1 |a Hudák, Matej, 1984- 
710 2 |a Podnikovohospodárska fakulta EU so sídlom v Košiciach. Katedra kvantitatívnych metód